Hodnotenie marketingovej komunikácie spoločnosti Orange Slovensko, a.s. diplomová práca

Guardado en:
Detalles Bibliográficos
Autor principal: Valovičová, Klára
Autor Corporativo: Fakulta podnikového manažmentu EU. Katedra podnikovohospodárska
Otros Autores: Grančičová, Katarína, 1967-
Formato: Libro
Lenguaje:eslovaco
Publicado: Bratislava 2008
Etiquetas: Agregar Etiqueta
Sin Etiquetas, Sea el primero en etiquetar este registro!

MARC

LEADER 00000nam$a2200000$$$4500
001 0086309
005 20240201115248.9
041 0 |a slo 
044 |a SK 
245 1 0 |a Hodnotenie marketingovej komunikácie spoločnosti Orange Slovensko, a.s.  |b diplomová práca  |c Klára Valovičová ; škol. Katarína Grančičová 
264 1 |a Bratislava  |c 2008 
300 |a 61 s. 
100 1 |a Valovičová, Klára 
700 1 |a Grančičová, Katarína, 1967- 
710 2 |a Fakulta podnikového manažmentu EU. Katedra podnikovohospodárska